<?xml version="1.0" encoding="UTF-8"?>
<record
    xmlns:xsi="http://www.w3.org/2001/XMLSchema-instance"
    xsi:schemaLocation="http://www.loc.gov/MARC21/slim http://www.loc.gov/standards/marcxml/schema/MARC21slim.xsd"
    xmlns="http://www.loc.gov/MARC21/slim">

  <leader>01574nam a2200265   4500</leader>
  <controlfield tag="001">3606587</controlfield>
  <controlfield tag="005">20180608100945.0</controlfield>
  <controlfield tag="008">730920s1973    ilu           000 1 eng  </controlfield>
  <datafield tag="010" ind1=" " ind2=" ">
    <subfield code="a">   72085580 </subfield>
  </datafield>
  <datafield tag="020" ind1=" " ind2=" ">
    <subfield code="a">0695803697</subfield>
    <subfield code="a">0695403699 (lib. bdg.)</subfield>
  </datafield>
  <datafield tag="040" ind1=" " ind2=" ">
    <subfield code="a">DLC</subfield>
    <subfield code="c">DLC</subfield>
    <subfield code="d">DLC</subfield>
  </datafield>
  <datafield tag="050" ind1="0" ind2="0">
    <subfield code="a">PZ1</subfield>
    <subfield code="b">.E49  1973</subfield>
  </datafield>
  <datafield tag="082" ind1="0" ind2="0">
    <subfield code="a">808.83/876</subfield>
  </datafield>
  <datafield tag="100" ind1="1" ind2=" ">
    <subfield code="a">Elwood, Roger,</subfield>
    <subfield code="e">comp.</subfield>
  </datafield>
  <datafield tag="245" ind1="1" ind2="0">
    <subfield code="a">Androids, time machines, and blue giraffes;</subfield>
    <subfield code="b">a panorama of science fiction,</subfield>
    <subfield code="c">compiled by Roger Elwood and Vic Ghidalia.</subfield>
  </datafield>
  <datafield tag="260" ind1=" " ind2=" ">
    <subfield code="a">Chicago,</subfield>
    <subfield code="b">Follett Pub. Co.</subfield>
    <subfield code="c">[1973]</subfield>
  </datafield>
  <datafield tag="300" ind1=" " ind2=" ">
    <subfield code="a">381 p.</subfield>
    <subfield code="c">23 cm.</subfield>
  </datafield>
  <datafield tag="350" ind1=" " ind2=" ">
    <subfield code="a">$6.95</subfield>
  </datafield>
  <datafield tag="505" ind1="0" ind2=" ">
    <subfield code="a">Bierce, A. Moxon's master.--Williamson, J. Metal man.--Asimov, I. Lenny.--Payes, R. C. Grandma was never like this.--Maupassant, G. de. The Horla.--St. Clair, M. Counter charm.--Derleth, A. The house in the valley.--Temple, W. F. The unpicker.--Senarens, L. P. Frank Reade, Jr.'s air wonder.--Campbell, J. W. The machine.--Goulart, R. Calling Dr. Clockwork.--Posner, R. The running.--Poe, E. A. King Pest.--Lovecraft, H. P. White ape.--De Camp, L. S. The blue giraffe.--Silverberg, R. The mutant season.--Wells, H. G. Chronic Argonaut.--Farley, R. M. Time for sale.--Schmitz, J. H. Where the time went.--Sutton, J. Forerunner.--Verne, J. The Begum's fortune.--Binder, E. Son of the stars.--Clarke, A. C. Sunjammer.--Koontz, D. R. Terra phobia.</subfield>
  </datafield>
  <datafield tag="650" ind1=" " ind2="0">
    <subfield code="a">Science fiction, American.</subfield>
  </datafield>
  <datafield tag="650" ind1=" " ind2="0">
    <subfield code="a">Science fiction, English.</subfield>
  </datafield>
  <datafield tag="700" ind1="1" ind2=" ">
    <subfield code="a">Ghidalia, Vic,</subfield>
    <subfield code="e">joint comp.</subfield>
  </datafield>
  <datafield tag="906" ind1=" " ind2=" ">
    <subfield code="a">7</subfield>
    <subfield code="b">cbc</subfield>
    <subfield code="c">orignew</subfield>
    <subfield code="d">2</subfield>
    <subfield code="e">opcn</subfield>
    <subfield code="f">19</subfield>
    <subfield code="g">y-gencatlg</subfield>
  </datafield>
  <datafield tag="942" ind1=" " ind2=" ">
    <subfield code="2">lcc</subfield>
    <subfield code="c">BK</subfield>
  </datafield>
  <datafield tag="999" ind1=" " ind2=" ">
    <subfield code="c">53040</subfield>
    <subfield code="d">53040</subfield>
  </datafield>
  <datafield tag="952" ind1=" " ind2=" ">
    <subfield code="0">0</subfield>
    <subfield code="1">0</subfield>
    <subfield code="2">lcc</subfield>
    <subfield code="4">0</subfield>
    <subfield code="7">0</subfield>
    <subfield code="8">FIC</subfield>
    <subfield code="a">BOM</subfield>
    <subfield code="b">BOM</subfield>
    <subfield code="c">GEN</subfield>
    <subfield code="d">2018-06-08</subfield>
    <subfield code="e">Donation-BFA</subfield>
    <subfield code="g">500.00</subfield>
    <subfield code="l">1</subfield>
    <subfield code="o">PZ1 .E49  1973</subfield>
    <subfield code="p">059192</subfield>
    <subfield code="s">2021-03-17</subfield>
    <subfield code="t">1</subfield>
    <subfield code="w">2018-06-08</subfield>
    <subfield code="y">BK</subfield>
  </datafield>
</record>
